000 01525nam a2200301 a 4500
001 BRCA_9093
003 FranzMayer
005 20230726113220.0
008 021017s1784----sp-#######---#000-0#spa-#
040 _aMFM
_besp
_cMFM
041 _aspa
044 _asp
050 4 _aDCON7
_bS46 1784
082 _2BX1756
100 1 _aSenault, Juan Francisco
_921895
245 1 0 _aSermones panegyricos de los santos más celebrados en la iglesia
_ccompuestos por el R.P. Juan Francisco Senault, prebistero del Oratorio de Jesús de la Corte de París; traducidos del francés al castellano por el R. P. Fr. Isidro Antonio Hurtado ...
260 _aMadrid
_bPor Blas Román
_c1784
300 _a434 p. (t.1)
_c21.5 x 15 cm.
500 _aEstado físico : presenta encuadernación en pergamino, con lomo semi desprendido y deteriorado y algunas hojas manchadas internas
500 _aNúmero de control : 00008
500 _aMarca de fuego Franciscana: Franciscanas BF-12019 perteneciente a la orden Provincia de san Francisco de Zacatecas
505 0 _aContiene : con una tabla de los pensamientos, y materias contenidas respectivamente en cada tomo, para uso de los predicadores, hecha por el autor de la obra, y acomodada por el traductor
650 1 4 _aPanegíricos
_yS. XVIII
_921896
700 1 _aHurtado, Isidro Antonio
_etr.
_922471
856 _3http://www.marcasdefuego.buap.mx:8180/xmLibris/projects/firebrand/item.jsp?repository=marcas_de_fuego&map=1&key=3eb75930.xml&num=22
902 _aDCON
942 _2lcc
_cB
999 _c8743
_d8743